| 000 | 00495nam a22001577a 4500 | ||
|---|---|---|---|
| 003 | macl | ||
| 005 | 20201211115242.0 | ||
| 008 | 201211b xxu||||| |||| 00| 0 eng d | ||
| 040 | _cmacl | ||
| 082 | _a891.433/BHA/S | ||
| 100 |
_aभारती , धर्मवीर _940774 |
||
| 245 | _a 10 प्रतिनिधि कहानियॉ | ||
| 260 |
_aदिल्ली _bकिताबघर प्रकाशन _c2017 |
||
| 650 |
_aकहानी _980762 |
||
| 942 |
_2ddc _cHIN |
||
| 999 |
_c64020 _d64020 |
||